US Border Cities - Statistics

General Stats
  • This quiz has been taken 223 times
  • The average score is 10 of 17
Answer Stats
Mexican City US City Pop % Correct
Tijuana San Diego 1'395'000
96%
Ciudad Juárez El Paso 681'000
94%
Windsor Detroit 677'000
84%
Fort Erie Buffalo 259'000
79%
Matamoros Brownsville 183'000
73%
Nuevo Laredo Laredo 259'000
72%
Niagara Falls Niagara Falls 50'000
68%
Tijuana Chula Vista 261'000
61%
Reynosa McAllen 130'000
59%
Sault Ste Marie Sault Ste Marie 14'000
54%
Mexicali Calexico 39'000
51%
San Luis Rio Colorado Yuma / San Luis 93'000
49%
Nogales Nogales 21'000
47%
Sarnia Port Huron 30'000
28%
Ciudad Acuña Del Rio 41'000
23%
Piedras Negras Eagle Pass 27'000
21%
Aguas Prietas Douglas 17'000
16%
No matching quizzes found
Score Distribution
Percent of People with Each Score
Percentile by Number Answered
Your Score History
You have not taken this quiz